| 000 | 00000nam##2200000za#4500 |
| 001 | 9.572354 |
| 003 | CaOODSP |
| 005 | 20210929082754 |
| 007 | cr ||||||||||| |
| 008 | 150406|1997||||xxc|||||o f|0| 0 eng|d |
| 040 | |aCaOODSP|beng |
| 043 | |an-cn--- |
| 086 | 1 |aFo29-47/1-1997E-PDF |
| 110 | 1 |aCanada. |bNatural Resources Canada. |bCanadian Forest Service. |
| 245 | 12|aA wildfire threat rating system|h[electronic resource]|c[by] B. Hawkes and J. Beck. |
| 260 | |aVictoria - British Columbia : |bNatural Resources Canada. |cMay, 1997. |
| 300 | |a6p.|bmaps (some coloured), tables, photographs |
| 490 | 1 |aTechnology transfer note|vNo. 1 |
| 500 | |a"Recently, researchers have developed a prototype Wildfire Threat Rating System (WTRS) which takes the existing Fire Danger Rating System forward by incorporating spatial information."--Introduction. |
| 500 | |aThe catalogue number (Fo29-47/1-1997E) and ISBN (0-662-25782-0) for the print edition have been incorrectly copied in this electronic publication. |
| 520 | 3 |aRecently, researchers have developed a prototype Wildfire Threat Rating System (WTRS) which takes the existing Fire Danger Rating System forward by incorporating spatial information.--Introduction |
| 590 | |a11-30-Supp|b2011-12-02 |
| 690 | 07|aForest fires|2gcpds |
| 720 | 1 |aHawkes, B. |
| 720 | 1 |aBeck, J. |
| 775 | 08|tUne méthode d'évaluation de la menace d'incendie de forêt|w(CaOODSP)9.604806 |
| 776 | 0#|tA wildfire threat rating system|w(CaOODSP)9.613817 |
| 830 | #0|aTechnology transfer note ;|vNo. 1|w(CaOODSP)9.504768 |
| 856 | 40|ahttp://publications.gc.ca|qPDF|s266 KB|uhttps://publications.gc.ca/collections/Collection/Fo29-47-1-1997E.pdf|yNo. 1 |